000 00588nam a2200205Ia 4500
005 20250923145749.0
008 008 250917s9999 xx 000 0 eng d
037 _aTextual
040 _aDSWL
_beng
_cDSWL
041 _aeng
_2eng
084 _aS:720gY:34x, N87
_qDSWL
100 _aAgrawal, K.
_9838707
245 0 _aPoverty, deprivation and intlligence
_cby K. G. Agrawal
260 _aNew Delhi
_bCriterion Publication
_c1987
300 _aviii,384p.
365 _aINR
_b250
925 _g250
942 _cTEXL
_hS:720gY:34x, N87
999 _c1455375
_d1455375